مكتبة جامعة عجلون الوطنية

فهرس بحث المكتبة

الصحافة الأردنية وعلاقتها بقوانين المطبوعات والنشر 1920 - 1983 (Record no. 7442)

MARC details
000 -LEADER
fixed length control field 00772nam a2200217Ii 4500
003 - CONTROL NUMBER IDENTIFIER
control field JO-AjNU
008 - FIXED-LENGTH DATA ELEMENTS--GENERAL INFORMATION
fixed length control field 230605s9999||||xx |||||||||||||| ||und||
017 ## - COPYRIGHT OR LEGAL DEPOSIT NUMBER
Copyright or legal deposit number 1984/2/94
040 ## - CATALOGING SOURCE
Original cataloging agency JO-AjNU
Language of cataloging ara
Description conventions rda
Transcribing agency JO-AjNU
041 ## - LANGUAGE CODE
Language code of text/sound track or separate title ara
050 14 - LIBRARY OF CONGRESS CALL NUMBER
Classification number PN5449.J6.S5284 1984
100 3# - MAIN ENTRY--PERSONAL NAME
Personal name شريم، أميمة بشير,
Relator term author
9 (RLIN) 14485
245 00 - TITLE STATEMENT
Title الصحافة الأردنية وعلاقتها بقوانين المطبوعات والنشر 1920 - 1983
250 ## - EDITION STATEMENT
Edition statement ط1
264 31 - PRODUCTION, PUBLICATION, DISTRIBUTION, MANUFACTURE, AND COPYRIGHT NOTICE
Place of production, publication, distribution, manufacture عمان: المؤلفة، 1984
300 ## - PHYSICAL DESCRIPTION
Extent 227ص
336 ## - CONTENT TYPE
Content type term text
Content type code txt
Source rdacontent
337 ## - MEDIA TYPE
Media type term unmediated
Media type code n
Source rdamedia
338 ## - CARRIER TYPE
Carrier type term volume
Carrier type code nc
Source rdacarrier
650 #4 - SUBJECT ADDED ENTRY--TOPICAL TERM
Topical term or geographic name entry element الصحافة - الصحافة الأردنية - قوانين المطبوعات والنشر
9 (RLIN) 14486
Holdings
Withdrawn status Lost status Source of classification or shelving scheme Damaged status Not for loan Home library Current library Shelving location Date acquired Total Checkouts Full call number Barcode Date last seen Price effective from Koha item type
    Library of Congress Classification     مكتبة جامعة عجلون الوطنية مكتبة جامعة عجلون الوطنية المجموعات العامة 06/06/2023   PN5449.J6.S5284 1984 A3874 06/06/2023 06/06/2023 Books